000 01379nam a22003737a 4500
005 20230922165406.0
008 230922b ||||| |||| 00| 0 spa d
020 _a9789876093996
040 _cAR-FvUNAJ
082 1 4 _214
_a306.3
100 1 _918260
_aGaulejac, Vincent de
245 1 3 _aLa neurosis de clase :
_btrayectoria social y conflictos de identidad por una sociología clínica /
_cVicent de Gaulejac
250 _a1a. ed.
260 _aBuenos Aires :
_bDel nuevo Extremo,
_c2013.
300 _a280 p.
500 _aPosee como epílogo correspondencia escrita al autor por parte de Annie Ernaux.
505 2 _tPrólogo.
505 2 _tIntroducción.
505 2 _t1. Historia e historicidad.
505 2 _t2. Ubicación y desplazamiento.
505 2 _t3. Cambio de clase y conflictos de identidad.
505 2 _t4. Neurosis y neurosis de clase.
505 2 _t5. El complejo de inferioridad.
505 2 _t6. El Edipo como complejo socio-sexual.
505 2 _t7. Disociación del Yo y desdoblamiento.
505 2 _t8. Elecciones y soportes metodológicos.
505 2 _tPor una sociología clínica.
505 2 _tEpílogo- Carta de Annie Ernaux.
505 2 _tBibliografía.
650 2 7 _9983
_aSOCIOLOGIA ECONOMICA
_2unescot
650 2 7 _9788
_aCLASE SOCIAL
_2unescot
942 _2ddc
_cLIBRO
980 _621567
_a Villalba
_821567
_g Villalba
999 _c9316
_d9316